000 00255nam a22001097a 4500
999 _c13583
_d13583
082 _a891
100 _aمحمّد اختر
245 _aفغاں رومی
260 _aکراچی
_bکتب خانہ مظہری
300 _a٤٣١ صفحات
942 _cBK